| 000 | 02957cam a2200337 i 4500 | ||
|---|---|---|---|
| 001 | 21788271 | ||
| 005 | 20250403142555.0 | ||
| 008 | 201028s2021 maua b 001 0 eng | ||
| 010 | _a 2020047844 | ||
| 020 | _a9781647820442 | ||
| 020 | _z9781647820459 | ||
| 041 | _aeng | ||
| 042 | _apcc | ||
| 082 | 0 | 0 | _a650.1 GOR |
| 100 | 1 | _aNg, Gorick | |
| 245 | 1 | 4 | _aThe Unspoken Rules: Secrets To Starting Your Career Off Right |
| 260 |
_aBoston _bHarvard Business Review Press _c2021 |
||
| 264 | 1 |
_aBoston, MA : _bHarvard Business Review Press, _c[2021] |
|
| 300 |
_a 261 pages : _billustrations ; _c24 cm |
||
| 336 |
_atext _btxt _2rdacontent |
||
| 337 |
_aunmediated _bn _2rdamedia |
||
| 338 |
_avolume _bnc _2rdacarrier |
||
| 500 | _aIncludes bibliographical references and index. | ||
| 520 | _a"What will separate you from the rest early in your career? The ability to take ownership, manage expectations, navigate people dynamics, and communicate professionally-skills that school doesn't teach. Most career guides assume that you already know how the working world works. But if you're starting your very first job or taking a job in a new company, you might not know all the unspoken rules that determine who gets ahead and who doesn't. In The Unspoken Rules, you'll learn the basic workplace skills necessary for success. From the author: "Why didn't anyone ever tell me this?! I've lost count of the number of times I've asked myself this question. As the son of a single mother who dropped out of school at the age of twelve to work in a sewing-machine factory, I missed the lesson on the unspoken rules of the professional workplace. Instead, I learned my lesson the hard way-through trial and error. Now I'm on a mission to discover and decode the unspoken rules of work and share them with others. Over the last four years, I've interviewed over five hundred interns, early career professionals, managers, and executives, from HR to finance, law firms to tech companies, across the globe. My conversations revolved around three key topics: What are the most common mistakes early-career professionals make at work? What would you do differently if you could relive your first years on the job? What do you think separates top performers from mediocre ones? After testing the advice I gathered from these hundreds of interviews, I started coaching other early-career professionals. Now I'm distilling everything I've learned into a step-by-step guide called The Unspoken Rules. We all have what it takes to be a top performer. It begins with mastering the unspoken rules.""-- | ||
| 650 | 0 | _aCareer development | |
| 650 | 0 | _aSuccess in business | |
| 776 | 0 | 8 |
_iOnline version: _aNg, Gorick, _tThe unspoken rules _dBoston, MA : Harvard Business Review Press, [2021] _z9781647820459 _w(DLC) 2020047845 |
| 906 |
_a7 _bcbc _corignew _d1 _eecip _f20 _gy-gencatlg |
||
| 942 | _cBK | ||
| 999 |
_c43529 _d43529 |
||